书目信息 |
| 题名: |
科技期刊工作研究
|
|
| 作者: | 黄晓鹂 , 刘瑞兴 著 | |
| 分册: | ||
| 出版信息: | 北京 中国科学技术出版社 1997 |
|
| 页数: | 276页 | |
| 开本: | 20cm | |
| 丛书名: | ||
| 单 册: | ||
| 中图分类: | G255.2 | |
| 科图分类: | ||
| 主题词: | 科技期刊-期刊管理--研究 , 期刊管理-科技期刊--研究 | |
| 电子资源: | ||
| ISBN: | 7-5046-2360-1 | |
| 000 | 00685nam0 2200241 45 | |
| 001 | 0198001549 | |
| 005 | 20040426085842.8 | |
| 010 | @a7-5046-2360-1@dCNY25 | |
| 100 | @a19971222d1997 emky0chiy0121 ea | |
| 101 | 0 | @achi |
| 102 | @aCN@b110000 | |
| 105 | @ay z 000yy | |
| 106 | @ar | |
| 200 | 10 | @a科技期刊工作研究@Ake ji qi kan gong zuo yan jiu@f黄晓鹂,刘瑞兴著 |
| 210 | @a北京@c中国科学技术出版社@d1997 | |
| 215 | @a276页@d20cm | |
| 606 | @a科技期刊-期刊管理@x研究 | |
| 606 | @a期刊管理-科技期刊@x研究 | |
| 690 | @aG255.2@v3 | |
| 701 | 0 | @a黄晓鹂@Ahuang xiao li@4著 |
| 701 | 0 | @a刘瑞兴@Aliu rui xing@4著 |
| 801 | 0 | @aCN@bNLC@c19980112 |
| 905 | @f2@b275164-165@dG255.2@e20 | |
| 科技期刊工作研究/黄晓鹂,刘瑞兴著.-北京:中国科学技术出版社,1997 |
| 276页;20cm |
| ISBN 7-5046-2360-1:CNY25 |
| ● |
| 相关链接 |
|
|
|
|
正题名:科技期刊工作研究
索取号:G255.2/20
 
预约/预借
| 序号 | 登录号 | 条形码 | 馆藏地/架位号 | 状态 | 备注 |
| 1 | 0275164 | 000214921 | 第四借阅区/ [索取号:G255.2/20] | 在馆 | |
| 2 | 0275165 | 000214967 | 第一样本阅览室/ [索取号:G255.2/20] | 在馆 |